Ustaz Pink! / (Record no. 138358)

MARC details
000 -LEADER
fixed length control field 00684nam a2200241 i 4500
001 - CONTROL NUMBER
control field C2-0341280
003 - CONTROL NUMBER IDENTIFIER
control field PPAK
005 - DATE AND TIME OF LATEST TRANSACTION
control field 20221018165521.0
008 - FIXED-LENGTH DATA ELEMENTS--GENERAL INFORMATION
fixed length control field 170313s2014 my gr 000 1 may d
020 ## - INTERNATIONAL STANDARD BOOK NUMBER
International Standard Book Number 9789674460198
Qualifying information paperback
Canceled/invalid ISBN 9789674460206
040 ## - CATALOGING SOURCE
Original cataloging agency PPAK
Language of cataloging eng
Transcribing agency PPAK
Description conventions rda
082 04 - DEWEY DECIMAL CLASSIFICATION NUMBER
Classification number 899.233
Edition number 23
090 00 - LOCALLY ASSIGNED LC-TYPE CALL NUMBER (OCLC); LOCAL CALL NUMBER (RLIN)
Classification number (OCLC) (R) ; Classification number, CALL (RLIN) (NR) 899.233
Feature heading PIS
Feature heading G
100 0# - MAIN ENTRY--PERSONAL NAME
Personal name Pistacia Vera,
Relator term author.
245 10 - TITLE STATEMENT
Title Ustaz Pink! /
Statement of responsibility, etc. Pistacia Vera.
264 #1 - PRODUCTION, PUBLICATION, DISTRIBUTION, MANUFACTURE, AND COPYRIGHT NOTICE
Place of production, publication, distribution, manufacture Shah Alam, Selangor :
Name of producer, publisher, distributor, manufacturer Grup Buku Karangkraf ,
Date of production, publication, distribution, manufacture, or copyright notice 2014
300 ## - PHYSICAL DESCRIPTION
Extent 604 pages ;
Dimensions 18 cm
336 ## - CONTENT TYPE
Content type term text
Source rdacontent
337 ## - MEDIA TYPE
Media type term unmediated
Source rdamedia
338 ## - CARRIER TYPE
Carrier type term volume
Source rdacarrier
650 10 - SUBJECT ADDED ENTRY--TOPICAL TERM
Topical term or geographic name entry element Malay fiction.
942 ## - ADDED ENTRY ELEMENTS (KOHA)
Koha item type Book
Source of classification or shelving scheme Dewey Decimal Classification
Holdings
Withdrawn Not for loan Current library Shelving location Date acquired Total Checkouts Total Renewals Full call number Barcode Checked out Date last seen Date last checked out Koha item type
    Perpustakaan Alor Setar Pinjaman Dewasa 15/03/2017 8 4 899.233 PIS A01514578 22/07/2021 14/04/2021 14/04/2021 Book
    Perpustakaan Awam Sungai Petani Pinjaman Dewasa 15/03/2017 9   899.233 PIS A01514579   08/03/2023 08/02/2023 Book
    Perpustakaan Jitra Pinjaman Dewasa 15/03/2017     899.233 PIS A01514580   09/05/2018   Book
    Perpustakaan Kulim Pinjaman Dewasa 15/03/2017     899.233 PIS A01514581   09/05/2018   Book
    Perpustakaan Langkawi Pinjaman Dewasa 15/03/2017 1   899.233 PIS A01514582   06/08/2020 16/07/2020 Book